000
00213 a2200097 4500
001
4582
100
_a
Weatherbwen,C.E
245
_a
Elementrey vector analysis
260
_a
_b
Eng longuage
_c
090
_c
3776
_d
3776
942
_a
NUST-CAE
_c
M
_c
30018
999
_c
239655
_d
239655